[Event "Buenos Aires ol (Men)"]
[Site "Buenos Aires"]
[Date "1978.??.??"]
[Round "?"]
[White "Hecht, Hans Joachim"]
[Black "Vaganian, Rafael A"]
[Result "1/2-1/2"]
[WhiteElo "2480"]
[BlackElo "2570"]

1.Nf3 d5 2.b3 c5 3.e3 Nf6 4.Bb2 g6 5.c4 Bg7 6.cxd5 Qxd5 7.Bb5+ Bd7 8.Bc4 Qf5
9.g4 Qxg4 10.Bxf7+ Kf8 11.Bc4 Bc6 12.Be2 Qf5 13.Rg1 Ne4 14.Qc2 Bxb2 15.Qxb2 Qf6
16.Qxf6+ exf6 17.d3 Nd6 18.Nbd2 Ke7 19.Rc1 Nd7 20.d4 Bxf3 21.dxc5 Nxc5 22.Rxc5 Bc6
23.Bd3 Rac8 24.Rc2 Bb5 25.Rxc8 Rxc8 26.Ke2 Rc2 27.Bxb5 Nxb5 28.a4 Nd6 29.Kd3 Rc5
30.Nf3 Rf5 31.Ke2 Ne4 32.Rc1 Rc5 33.Rxc5 Nxc5 34.Nd4 a5 35.f3 Kd6 36.Kd2 h5
37.Kc3 Ne6 38.Nxe6 Kxe6 39.b4 g5 40.bxa5  1/2-1/2

[Event "Clarin"]
[Site "Buenos Aires"]
[Date "1978.??.??"]
[Round "3"]
[White "Gheorghiu, Florin"]
[Black "Vaganian, Rafael A"]
[Result "1/2-1/2"]
[WhiteElo "2520"]
[BlackElo "2555"]

1.e4 e6 2.d4 d5 3.Nc3 Bb4 4.Ne2 dxe4 5.a3 Be7 6.Nxe4 Nf6 7.Nxf6+ Bxf6 8.Be3 c5
9.Qd2 Nc6 10.O-O-O cxd4 11.Nxd4 Bxd4 12.Bxd4 Qxd4 13.Qxd4 Nxd4 14.Rxd4 Bd7
15.Bd3 Bc6 16.Be4 Bxe4 17.Rxe4 Ke7 18.Rd1 Rhd8 19.Red4 Rxd4 20.Rxd4 e5 21.Rd5 Ke6
22.c4 Rc8 23.b3  1/2-1/2

[Event "Clarin"]
[Site "Buenos Aires"]
[Date "1978.??.??"]
[Round "4"]
[White "Keene, Raymond D"]
[Black "Vaganian, Rafael A"]
[Result "1/2-1/2"]
[WhiteElo "2480"]
[BlackElo "2555"]

1.d4 Nf6 2.c4 g6 3.Nc3 d5 4.Nf3 Bg7 5.Bg5 Ne4 6.cxd5 Nxg5 7.Nxg5 e6 8.Nf3 exd5
9.b4 Nc6 10.a3 a5 11.b5 Ne7 12.e3 O-O 13.Be2 Qd6 14.O-O Bf5 15.Qb3 Kh8 16.Rac1 Bg4
17.h3 Be6 18.Na4 b6 19.Nb2 Rfc8 20.Nd3 f6 21.Rc3 Bd7 22.Rfc1 Bh6 23.Nh2 Ra7
24.Bg4 Bf8 25.Bxd7 a4 26.Qc2 Qxd7 27.Rb1 Ra5 28.Rb4 Rxb5 29.Qxa4 c6 30.Qc2 Rxb4
31.axb4 Ra8 32.Qc1 Ra4 33.Ra3 Qa7 34.Rxa4 Qxa4 35.Nf3 Nf5 36.g4 Nd6 37.g5 Qb3
38.Nf4 Nc4 39.gxf6 Bxb4 40.Ne5 Nxe5 41.dxe5 Qc3 42.Qb1 Bf8 43.Qxb6 Qxe5 44.Qxc6 d4
45.Qe6 Qd6 46.Qf7 dxe3 47.fxe3 g5 48.Ne2 Bh6 49.Kg2 Qc6+ 50.Kg3 g4 51.Nd4 Qe4
52.Qe7 Qxe3+ 53.Qxe3 Bxe3 54.Nf5 Bc5 55.hxg4 Kg8 56.Nh6+ Kf8 57.Kf4 Bd4 58.Kf5 Be3
59.g5 Bc1 60.Ng4 Kf7 61.Ne5+ Kf8 62.Ke6 Ba3 63.Nd3 Kg8 64.Ke5 Kf7 65.Kf5 Bd6
66.Ne5+ Ke8 67.Ke6 Ba3 68.Nc4 Bb4 69.Nd6+ Kf8 70.Ne4 Ba3 71.Ke5 Bb4 72.Nd6 Ba3
73.Nb7 Kf7 74.Kf5 Bb4 75.Nd8+ Kf8 76.Kg4 Ba3 77.Kh5 Kg8 78.Nc6 Kf7 79.Kh6 Bc1
80.Ne5+ Kf8 81.Nf3 Kg8 82.Nd4 Bb2 83.Nf5 Bc1 84.Nd6 Ba3 85.Nf5 Bf8+ 86.Kh5 Kf7
87.Nh6+ Ke6 88.Ng4 Kf7  1/2-1/2

[Event "Clarin"]
[Site "Buenos Aires"]
[Date "1978.??.??"]
[Round "13"]
[White "Vaganian, Rafael A"]
[Black "Quinteros, Miguel A"]
[Result "1/2-1/2"]
[WhiteElo "2555"]
[BlackElo "2480"]

1.d4 g6 2.e4 Bg7 3.Nf3 d6 4.Nc3 Nf6 5.Be2 O-O 6.O-O c6 7.Bf4 Nbd7 8.Qd2 Qc7
9.e5 Ne8 10.exd6 exd6 11.a4 Ndf6 12.h3 Be6 13.a5 Qd7 14.Ng5 Nc7 15.Nce4 Nfe8
16.c3 f5 17.Ng3 Kh8 18.Rfe1 Bg8 19.Nf3 Nf6 20.Bd3 Rae8 21.c4 Rxe1+ 22.Rxe1 Ne6
23.Bh6 a6 24.b3 Ne8 25.Ne2 Bxh6 26.Qxh6 Qg7 27.Qd2 Nf6 28.Nf4 Re8 29.Nxe6 Rxe6
30.Qf4 Rxe1+ 31.Nxe1 Qe7 32.Nc2 c5 33.dxc5 dxc5 34.Ne3 Ne8 35.g4 fxg4 36.hxg4 Nd6
37.g5 Nf7 38.Qf6+ Qxf6 39.gxf6 Nd6 40.Ng4 Be6 41.Nh6 Bf5 42.Bxf5 Nxf5 43.Nxf5 gxf5
44.f4 Kg8 45.Kg2 Kf7 46.Kg3  1/2-1/2

[Event "Kirovakan"]
[Site "Kirovakan"]
[Date "1978.??.??"]
[Round "?"]
[White "Dementiev, Oleg I"]
[Black "Vaganian, Rafael A"]
[Result "1/2-1/2"]
[WhiteElo "2490"]
[BlackElo "2570"]

1.e4 c5 2.Nf3 e6 3.c3 d5 4.exd5 exd5 5.d4 Nc6 6.Bb5 Bd6 7.dxc5 Bxc5 8.O-O Ne7
9.Nbd2 O-O 10.Nb3 Bd6 11.Bg5 Bg4 12.h3 Bh5 13.Re1 h6 14.Bxe7 Bxe7 15.Be2 Bf6
16.Nfd4 Bxe2 17.Rxe2 Qb6 18.Nf5 Rad8 19.Qc2 d4 20.Nbxd4 Bxd4 21.Nxd4 Rxd4
22.cxd4 Nxd4 23.Qe4 Nxe2+ 24.Qxe2 Rd8 25.Rc1  1/2-1/2

[Event "Tallinn"]
[Site "Tallinn"]
[Date "1979.??.??"]
[Round "6"]
[White "Rantanen, Yrjo A"]
[Black "Vaganian, Rafael A"]
[Result "0-1"]
[WhiteElo "2460"]
[BlackElo "2570"]

1.e4 e6 2.d4 d5 3.Nc3 Bb4 4.e5 c5 5.a3 Bxc3+ 6.bxc3 Ne7 7.Nf3 Qa5 8.Bd2 Nbc6
9.h4 Bd7 10.h5 h6 11.Rh4 c4 12.Rg4 Rg8 13.Nh4 O-O-O 14.Qf3 Qa4 15.Kd1 Nf5
16.Nxf5 exf5 17.Rh4 Be6 18.Bf4 Kb8 19.Qe3 Ka8 20.Be2 Ne7 21.g3 Rc8 22.Kd2 Rc6
23.f3 Rb6 24.Rhh1 Rb2 25.Bd1 Rc8 26.Kc1 Rb5 27.g4 fxg4 28.fxg4 a5 29.Qf2 Rc6
30.Qh4 g5 31.hxg6 Nxg6 32.Qd8+ Rc8 33.Qf6 Rb6 34.Bxh6 Qb5 35.Kd2 Qb2 36.Be2 Bxg4
37.Qxf7 Rb3 38.Bxg4 Qxc3+ 39.Ke2 Qxc2+ 40.Kf1 Qe4 41.Rg1 Qd3+ 42.Be2 Qh3+
43.Ke1 Qc3+ 44.Kf2 Qxd4+  0-1

[Event "Tallinn"]
[Site "Tallinn"]
[Date "1979.??.??"]
[Round "7"]
[White "Vaganian, Rafael A"]
[Black "Ivanovic, Bozidar"]
[Result "0-1"]
[WhiteElo "2570"]
[BlackElo "2460"]

1.d4 Nf6 2.c4 e6 3.Nc3 Bb4 4.a3 Bxc3+ 5.bxc3 O-O 6.e3 d5 7.Bd3 c5 8.Ne2 Nc6
9.cxd5 exd5 10.Ng3 b6 11.O-O Na5 12.f3 Re8 13.Ra2 Nb7 14.Re2 cxd4 15.cxd4 h5
16.Nh1 Nd6 17.Nf2 Bf5 18.Bxf5 Nxf5 19.Qd3 Qd7 20.Rd1 Rad8 21.Bb2 Nh4 22.e4 Nh7
23.g3 Ng6 24.Rc1 Nhf8 25.Rec2 Ne6 26.e5 Ne7 27.Nd1 g6 28.Ne3 Rc8 29.f4 Rxc2
30.Rxc2 Ng7 31.Kg2 Rc8 32.Rxc8+ Qxc8 33.a4 Nef5 34.Nxf5 Nxf5 35.h3 Nh6 36.Qe2 a6
37.Kh2 Kg7 38.Kg2 Qc6 39.g4 hxg4 40.hxg4 Nxg4 41.Qxg4 Qc2+ 42.Kg3 Qxb2 43.Qg5 Qc3+
44.Kg4 Qc8+ 45.Kg3 Qf5 46.Qd8 b5 47.axb5 axb5 48.Qxd5 Qd3+ 49.Kf2 b4 50.Qd6 Qd2+
51.Kf3 Qd1+ 52.Kf2 Qd2+ 53.Kf3 Qd3+ 54.Kf2 Qf5 55.Ke3 b3 56.Qb6 Kh7 57.Qb7 Qh3+
58.Kd2 Qh2+ 59.Kd3 Qc2+ 60.Ke3 Qc3+ 61.Ke2 Kg7 62.Qb6 Qc2+ 63.Ke3 Qf5 64.d5 g5
65.fxg5 Qxg5+ 66.Kf3 Qf5+ 67.Ke3 Qxe5+ 68.Kd3 Qxd5+ 69.Kc3 Qf3+ 70.Kd2 Qf4+
71.Kd3 Qf5+ 72.Kd2 Qg5+ 73.Kd1 Qh5+ 74.Ke1 Qh1+ 75.Kd2  0-1

[Event "URS Spartakiad"]
[Site "URS"]
[Date "1979.??.??"]
[Round "?"]
[White "Giorgadze, Tamaz"]
[Black "Vaganian, Rafael A"]
[Result "1-0"]
[WhiteElo "2535"]
[BlackElo "2570"]

1.d4 Nf6 2.c4 g6 3.Nc3 d5 4.Bf4 Bg7 5.e3 O-O 6.Qb3 dxc4 7.Bxc4 Nc6 8.Be2 Nd7
9.Nf3 Nb6 10.Rd1 a5 11.O-O a4 12.Qa3 e6 13.e4 f6 14.d5 exd5 15.Nxd5 Nxd5
16.Bc4 Kh8 17.Bxd5 Qe7 18.Qxe7 Nxe7 19.Bxc7 Nxd5 20.exd5 Re8 21.d6 Bd7 22.Ne1 a3
23.b3 Re2 24.Nd3 Rxa2 25.Nc5 Bb5 26.d7 Bxd7 27.Nxd7 Rb2 28.Rfe1 a2 29.Nb6 Rg8
30.Ra1 f5 31.f4 h5 32.Be5 Rxb3 33.Na4 Ra3 34.Nc5 Rc8 35.Ne6 Bxe5 36.fxe5 Rc2
37.Nd4 Rb2 38.e6 Ra8 39.Ne2 Kg7 40.Nc3 Kf8 41.e7+ Kf7 42.Rxa2 Rbxa2 43.Nxa2 Re8
44.h4 Rxe7 45.Rb1 Rc7 46.Rb6 Rc2 47.Nb4 Rc4 48.Nd3 Rxh4 49.Ne5+ Kg7 50.Rxg6+ Kh7
51.Rb6 Re4 52.Rxb7+ Kh6 53.Nf3 Rg4 54.Rf7 Rf4 55.Kh2 Kg6 56.Ne5+ Kg5 57.Rf8 Ra4
58.Nf3+ Kg4 59.Rg8+ Kf4 60.Rg5 h4 61.Rh5 Ra8 62.Rxh4+ Ke3 63.Rh5 Rf8 64.Kg1 Rf7
65.Kf1 Rf6 66.Rh3 Ra6 67.Nh4+ Ke4 68.Rb3 Ra5 69.Kf2 Ra4 70.Re3+ Kf4 71.Rf3+  1-0

[Event "URS Spartakiad"]
[Site "URS"]
[Date "1979.??.??"]
[Round "?"]
[White "Piesina, Gintautas"]
[Black "Vaganian, Rafael A"]
[Result "1/2-1/2"]
[WhiteElo "2200"]
[BlackElo "2570"]

1.d4 Nf6 2.c4 c5 3.Nf3 cxd4 4.Nxd4 e5 5.Nb5 d5 6.cxd5 Bc5 7.N5c3 O-O 8.g3 Ng4
9.e3 f5 10.Be2 Nf6 11.a3 Nbd7 12.b4 Bd6 13.Nd2 Nb6 14.Nb3 Kh8 15.Ra2 Bd7
16.Nc5 Bxc5 17.bxc5 Nbxd5 18.Nxd5 Ba4 19.Qd3 Nxd5 20.O-O Bc6 21.Rd2 Qe7 22.Qc4 Nf6
23.f3 f4 24.Rd6 Nh5 25.exf4 exf4 26.g4 Rae8 27.Bd1 Qg5 28.Bd2 Re5 29.Rf2 Rfe8
30.Qd4 Rxc5 31.h4 Qxh4 32.Qxc5 Qg3+ 33.Rg2 Re1+  1/2-1/2

[Event "URS Spartakiad"]
[Site "URS"]
[Date "1979.??.??"]
[Round "?"]
[White "Dzuban, Oleg I"]
[Black "Vaganian, Rafael A"]
[Result "1-0"]
[WhiteElo "2440"]
[BlackElo "2570"]

1.d4 Nf6 2.Nf3 g6 3.g3 c5 4.d5 b5 5.c4 bxc4 6.Nc3 Bg7 7.Nd2 Ba6 8.e4 d6 9.Qa4+ Nfd7
10.Bxc4 Qc8 11.O-O O-O 12.Kg2 Ne5 13.Bxa6 Qxa6 14.f4 Nd3 15.Nc4 f5 16.exf5 Rxf5
17.Ne3 Qxa4 18.Nxa4 Rf7 19.Rd1 Nxc1 20.Raxc1 Nd7 21.h4 Nb6 22.Nc3 Bd4 23.Rd3 a5
24.Kf3 a4 25.a3 Rb8 26.Rc2 Rb7 27.Ne4 h6 28.Nc3 Rf8 29.Ne2 Bg7 30.g4 Nd7
31.Nc4 Rfb8 32.Nc3 Rb3 33.g5 hxg5 34.hxg5 Kf7 35.Ke4 Ra8 36.Nd2 Rbb8 37.Nc4 Rh8
38.Rdd2 Rh1 39.Rh2 Re1+ 40.Rce2 Rg1 41.Kd3 Ra6 42.Re4 Rg3+ 43.Kc2 Nf8 44.Rhe2 Bxc3
45.Rxe7+ Kg8 46.bxc3 Rf3 47.R2e4 Rf2+ 48.Kd3 Rf3+ 49.Kd2 Ra8 50.Nxd6 Rb8
51.Nb7  1-0

[Event "Yerevan"]
[Site "Yerevan"]
[Date "1980.??.??"]
[Round "6"]
[White "Vaganian, Rafael A"]
[Black "Tal, Mihail"]
[Result "0-1"]
[WhiteElo "2590"]
[BlackElo "2705"]

1.Nf3 Nf6 2.c4 e6 3.g3 d5 4.Bg2 Be7 5.O-O O-O 6.b3 c5 7.e3 Nc6 8.Bb2 b6 9.Qe2 Bb7
10.d3 dxc4 11.bxc4 Qc7 12.Nc3 a6 13.Rab1 Rab8 14.Ba1 Na7 15.Rfc1 Rfc8 16.e4 Nd7
17.Qe3 Bf6 18.d4 cxd4 19.Nxd4 Ne5 20.Na4 Nxc4 21.Qe1 b5 22.Bf1 Ba8 23.Nf3 Bxa1
24.Rxa1 Ne5 25.Bg2 Nxf3+ 26.Bxf3 Qe7 27.Rxc8+ Nxc8 28.Rb1 Qa3 29.Qd2 Nd6
30.Rb3 Nc4 31.Rxa3 Nxd2 32.Nc5 Rc8 33.Bd1 Nxe4 34.Nxe4 Bxe4 35.Rxa6 Rc1 36.Rd6 Kf8
37.Kf1 Ke7 38.Rd4 Bf3 39.Ke1 e5 40.Rd3 e4  0-1

[Event "Yerevan"]
[Site "Yerevan"]
[Date "1980.??.??"]
[Round "7"]
[White "Knezevic, Milorad"]
[Black "Vaganian, Rafael A"]
[Result "1/2-1/2"]
[WhiteElo "2490"]
[BlackElo "2590"]

1.d4 Nf6 2.Nf3 c5 3.c3 g6 4.Bf4 b6 5.dxc5 bxc5 6.e4 Bb7 7.e5 Nd5 8.Bg3 Bh6
9.Bc4 Nb6 10.Bd3 c4 11.Be2 Na6 12.O-O Nc5 13.Qd4 Ne6 14.Qh4 Bg7 15.Nbd2 Rc8
16.Ne4 h6 17.Rad1 g5 18.Qh3 Nd5 19.Qf5 Ndf4 20.Rfe1 Nd3 21.Bxd3 cxd3 22.Rxd3 Bxe4
23.Rxe4 Nc5 24.e6 O-O 25.Rxd7 fxe6 26.Rxd8 exf5 27.Rxc8 Rxc8 28.Rxe7 f4 29.Bxf4 gxf4
30.Rxa7 Rb8 31.b4 Bxc3 32.a3 Ne4 33.g3 fxg3 34.fxg3 Bf6 35.g4 Rc8 36.Ra6 Rc1+
37.Kg2 Rc2+ 38.Kg1 Kf7 39.h4 Rf2 40.Ra7+ Ke6 41.Ra6+ Kf7 42.Ra7+ Ke6 43.Ra6+ Ke7
44.Ra7+ Kd8 45.Ra8+ Kd7 46.Ra7+ Kc8 47.g5 hxg5 48.hxg5 Bb2 49.Re7 Re2 50.Rh7 Bc1
51.Rh3 Nxg5 52.Nxg5 Bxg5 53.Kf1 Ra2 54.Ke1 Kd7 55.Rh5 Bf4 56.Ra5 Bd2+ 57.Kd1 Kd6
58.Rc5 Be3 59.Ra5 Ke6 60.Ke1 Bd4 61.Kd1 Be5 62.Kc1 Kf5 63.Kb1 Rb2+ 64.Kc1 Rh2
65.Rd5 Ke4 66.Rd1 Bd4 67.a4 Ra2 68.a5 Kd5 69.Rd3 Kc4 70.Rf3 Kxb4 71.a6 Kc4
72.Kd1 Rxa6 73.Ke2 Ra2+ 74.Ke1 Kd5 75.Kf1 Ke4 76.Rh3 Be3 77.Rh4+ Kf3 78.Rh3+ Kf4
79.Ke1 Ke4 80.Kf1 Rf2+ 81.Kg1 Kf4 82.Rh7 Ke4 83.Rh3 Kd3 84.Rh2 Ra2+ 85.Kh1 Bf2
86.Kg2 Ke2 87.Rh7 Ra1 88.Re7+ Be3 89.Rf7 Rg1+ 90.Kh3 Bf2 91.Rf5 Rg8 92.Rf7 Rg3+
93.Kh2 Kf1 94.Rf4 Ra3 95.Rf5 Ra4 96.Rf3 Ke2 97.Rf5 Kf1 98.Rf3 Rh4+ 99.Rh3 Rf4
100.Kh1 Bg3 101.Rh7 Ra4 102.Rf7+ Bf4 103.Ra7 Rd4 104.Ra4  1/2-1/2

[Event "Yerevan"]
[Site "Yerevan"]
[Date "1980.??.??"]
[Round "15"]
[White "Vaganian, Rafael A"]
[Black "Romanishin, Oleg M"]
[Result "1/2-1/2"]
[WhiteElo "2590"]
[BlackElo "2580"]

1.c4 e5 2.Nc3 Nc6 3.Nf3 Nf6 4.g3 d5 5.cxd5 Nxd5 6.Bg2 Nb6 7.O-O Be7 8.a4 a5
9.d3 O-O 10.Be3 Kh8 11.Rc1 f6 12.Qb3 Bg4 13.Nb5 Nd5 14.Bc5 Be6 15.Qa3 Rc8
16.Nh4 Ncb4 17.Bxe7 Qxe7 18.Rfd1 c6 19.Nc3 Rfd8 20.d4 exd4 21.Rxd4 Nb6 22.Nf3 c5
23.Rxd8+ Rxd8 24.b3 N6d5 25.Nxd5 Bxd5 26.Qb2 b6 27.Rd1 Bxf3 28.Rxd8+ Qxd8
29.Bxf3 Qd1+ 30.Kg2 Nc2 31.Qc3 Nd4 32.Qe3 Qxb3 33.Qe8+ Qg8 34.Qd7 Nxf3 35.Kxf3 h6
36.e4 Qb8 37.Ke3 Qe5 38.f4 Qc3+ 39.Kf2 Qc4 40.Qc8+ Qg8 41.Qd7 Qb3  1/2-1/2

[Event "Moscow-4teams"]
[Site "Moscow"]
[Date "1981.??.??"]
[Round "?"]
[White "Vaganian, Rafael A"]
[Black "Taimanov, Mark E"]
[Result "1/2-1/2"]
[WhiteElo "2565"]
[BlackElo "2500"]

1.Nf3 Nf6 2.c4 e6 3.g3 d5 4.Bg2 dxc4 5.Qa4+ Bd7 6.Qxc4 Bc6 7.Nc3 Nbd7 8.e4 Be7
9.O-O O-O 10.Re1 Nb6 11.Qe2 Bb4 12.d3 Na4 13.Qc2 Qe8 14.Ne5 Nxc3 15.bxc3 Ba4
16.Qb2 Ba5 17.Nc4 Bb6 18.Bg5 Ng4 19.Nxb6 axb6 20.e5 Ra5 21.Bf4 Bc6 22.Qe2 f5
23.exf6 Nxf6 24.Qxe6+ Qxe6 25.Rxe6 Bxg2 26.Kxg2 Nd5 27.Bd2 Ra3 28.Re5 c6
29.c4 Rxd3 30.Re2 Nf6 31.Be3 Rc3 32.Rc1 Rxc1 33.Bxc1 Ra8 34.Re7 Rxa2 35.Be3 b5
36.cxb5 Nd5 37.Re5 Nxe3+  1/2-1/2

[Event "Moscow-ch"]
[Site "Moscow"]
[Date "1981.??.??"]
[Round "2"]
[White "Vaganian, Rafael A"]
[Black "Sokolov, Andrei"]
[Result "1-0"]
[WhiteElo "2565"]
[BlackElo "2265"]

1.Nf3 e6 2.g3 d5 3.Bg2 Nf6 4.O-O Be7 5.d3 O-O 6.Nbd2 Nbd7 7.e4 dxe4 8.dxe4 e5
9.Qe2 c6 10.a4 a5 11.Nc4 Qc7 12.Rd1 Re8 13.b3 Bc5 14.Ba3 Bxa3 15.Rxa3 Nb6
16.Nb2 Bg4 17.h3 Bxf3 18.Qxf3 Nbd7 19.Qc3 Qb6 20.Raa1 Qc5 21.Rd3 Qxc3 22.Rxc3 Nb6
23.Rd1 Kf8 24.Kf1 Ke7 25.Ke2 Nfd7 26.h4 Nf8 27.Bh3 f6 28.Ke3 Ne6 29.Bxe6 Kxe6
30.Rcd3 Ke7 31.f4 Rad8 32.h5 Rxd3+ 33.cxd3 h6 34.d4 exd4+ 35.Rxd4 Rc8 36.Rd2 Rc7
37.Kf3 Rd7 38.Rd3 Rxd3+ 39.Nxd3 Nd7 40.Ke3 b5 41.Kd4 bxa4 42.bxa4 Nb6 43.Nc5 Kd6
44.e5+ fxe5+ 45.fxe5+ Ke7 46.Ke4 Nd5 47.Kf5 Nb6 48.Kg6 Kf8 49.e6 Nd5 50.Nb3 Nb6
51.Nxa5 c5 52.g4 Nxa4 53.e7+ Kxe7 54.Kxg7 Nb6 55.g5 Nd7 56.gxh6 Nf6 57.h7  1-0

[Event "Moscow-ch"]
[Site "Moscow"]
[Date "1981.??.??"]
[Round "3"]
[White "Andrianov, Nikolai"]
[Black "Vaganian, Rafael A"]
[Result "1/2-1/2"]
[WhiteElo "2355"]
[BlackElo "2565"]

1.d4 Nf6 2.Nf3 g6 3.Bf4 Bg7 4.e3 d6 5.h3 Nbd7 6.Be2 O-O 7.O-O Ne4 8.Nbd2 Nxd2
9.Qxd2 e5 10.Bh2 Qe7 11.c4 Re8 12.b4 a5 13.bxa5 e4 14.Ne1 Qg5 15.Nc2 Qxa5
16.Qxa5 Rxa5 17.a3 b6 18.Rab1 Ba6 19.Nb4 Bb7 20.Rfc1 Rea8 21.Nc2 R8a7 22.Rb5 Ra4
23.Rb3 R4a5 24.Bf4 Bf8 25.Rb5 Be7 26.Bg4 Nf8 27.Rcb1 h5 28.Be2 Ne6 29.Bg3 Ra4
30.R5b4 f5 31.Rxa4 Rxa4 32.c5 Ba6 33.cxb6 cxb6 34.Bxa6 Rxa6 35.Nb4 Rxa3 36.Nd5 Bf8
37.Rxb6 Ra5 38.Nf4 Nxf4 39.Bxf4 Kf7 40.Bxd6 Bxd6 41.Rxd6 Ra1+ 42.Kh2 Rf1
43.Kg3 g5 44.h4 gxh4+ 45.Kxh4 Rxf2 46.Kg5 Ke7 47.Rh6 f4 48.exf4 e3 49.f5 Rxg2+
50.Kf4  1/2-1/2

[Event "Moscow-ch"]
[Site "Moscow"]
[Date "1981.??.??"]
[Round "5"]
[White "Suetin, Alexey S"]
[Black "Vaganian, Rafael A"]
[Result "1/2-1/2"]
[WhiteElo "2460"]
[BlackElo "2565"]

1.c4 c5 2.Nc3 g6 3.g3 Bg7 4.Bg2 Nc6 5.e3 e6 6.Nge2 Nge7 7.O-O O-O 8.d4 cxd4
9.Nxd4 d5 10.cxd5 Nxd4 11.exd4 Nxd5 12.Nxd5 exd5 13.Be3 Be6 14.Qb3 Qd7 15.Rfc1 Rfc8
16.h4 h5 17.a3 b6 18.Bf1 Rxc1 19.Rxc1 Rc8 20.Rxc8+ Qxc8 21.Bd3  1/2-1/2

[Event "Moscow-ch"]
[Site "Moscow"]
[Date "1981.??.??"]
[Round "8"]
[White "Gulko, Boris F"]
[Black "Vaganian, Rafael A"]
[Result "1-0"]
[WhiteElo "2590"]
[BlackElo "2565"]

1.d4 Nf6 2.c4 d6 3.Nc3 Nbd7 4.Nf3 e5 5.Bg5 c6 6.e3 Qa5 7.Qd2 g6 8.O-O-O Bg7
9.c5 exd4 10.exd4 O-O 11.cxd6 b5 12.Bd3 Rb8 13.Kb1 b4 14.Ne4 Nd5 15.Ka1 Qa4
16.Rc1 b3 17.a3 Rb4 18.Bh6 Bxd4 19.Nxd4 Rxd4 20.Bxf8 Kxf8 21.Qh6+ Kg8 22.Rhe1 N5f6
23.Qe3 Nd5 24.Qg5 Rxd3 25.Qd8+ Kg7 26.Ng5 N7b6 27.Re7 Qf4 28.Rxf7+ Qxf7 29.Nxf7 Kxf7
30.Re1 Kg7 31.Kb1 Bf5 32.Kc1 Rd4 33.Re7+ Kh6 34.Re5 Rc4+ 35.Kd1 Rd4+ 36.Ke1 Kg7
37.Re7+ Kh6 38.h4 Nxe7 39.dxe7 Re4+ 40.Kd1 Bd7 41.f3 Rxh4 42.Qxd7 Nxd7 43.e8=Q Rd4+
44.Ke2 c5 45.Qe3+ Kg7 46.Qxb3 a5 47.Qe6 h5 48.b3 h4 49.Qe7+ Kh6 50.f4  1-0

[Event "Moscow-ch"]
[Site "Moscow"]
[Date "1981.??.??"]
[Round "10"]
[White "Gorelov, Sergey G"]
[Black "Vaganian, Rafael A"]
[Result "1/2-1/2"]
[WhiteElo "2415"]
[BlackElo "2565"]

1.d4 Nf6 2.c4 c5 3.Nf3 cxd4 4.Nxd4 a6 5.Nc3 e6 6.g3 Qc7 7.Qd3 Nc6 8.Nxc6 Qxc6
9.e4 b6 10.Bg2 Bb7 11.Bd2 Rc8 12.b3 Bb4 13.O-O O-O 14.Rfe1 Kh8 15.Rac1 d6
16.h3 Nd7 17.g4 Nc5 18.Qg3 b5 19.cxb5 axb5 20.Nb1 Bxd2 21.Nxd2 b4 22.a3 bxa3
23.b4 Nxe4 24.Qxa3 Nxd2 25.Bxc6 Bxc6 26.Re3 d5 27.Qa6 Nc4 28.Rb3 Ba8 29.b5 Rb8
30.b6 Bb7 31.Qa4 Rfd8 32.Rb4 h6 33.Kh2 Ra8 34.Qb3 Ra3 35.Qd1 Rda8 36.Rbxc4 dxc4
37.Qd7 Bd5 38.b7 Rg8 39.Qd6 Rb3 40.Rg1 Rxb7 41.g5 hxg5 42.Rxg5 Rc8 43.Qg3 f6
44.Rh5+ Kg8 45.Qh4 Kf7 46.Rh7 Rg8 47.Qh5+ Kf8 48.Qd1 Rc7 49.Rh5 g6 50.Rh4 c3
51.Qc2 Kf7 52.Rg4 f5 53.Rg3 Rgc8 54.h4 Rc4 55.f4 Rxf4 56.Rxc3 Rxh4+ 57.Kg3 Rg4+
58.Kh2 Rh8+ 59.Rh3 Rxh3+ 60.Kxh3 g5 61.Qc8 Rh4+ 62.Kg3 f4+ 63.Kf2 Rh2+ 64.Kg1 Rh1+
65.Kf2 Kg6 66.Qf8 Kh5 67.Qh8+ Kg4 68.Qd4 Rh2+ 69.Kg1 Rg2+ 70.Kf1 Rg3 71.Kf2 Rf3+
72.Kg1 Re3 73.Kf2 Rf3+ 74.Kg1 Kf5 75.Qg7 g4 76.Qf8+ Ke4 77.Qb4+ Kd3 78.Qa3+ Kc4
79.Qa4+ Kc5 80.Qa5+ Kc6 81.Qa6+ Kd7 82.Qa7+ Ke8 83.Qb8+ Kf7 84.Qc7+ Kg6 85.Qb8 Rg3+
86.Kf2 Rf3+ 87.Kg1 Rb3 88.Qxf4 g3 89.Qg4+ Kf7 90.Qh5+ Ke7 91.Qh4+ Kd7 92.Qa4+ Kd6
93.Qa6+ Ke5 94.Qa1+ Kf5 95.Qf1+ Kg6 96.Qd1 Kf6 97.Qd4+ Kf5 98.Qd1 g2 99.Qh5+ Kf6
100.Qh6+ Ke7 101.Qg7+ Kd6 102.Qf8+ Kc7 103.Qf7+ Kc6 104.Qe8+ Kc5 105.Qf8+ Kb5
106.Qb8+ Ka6 107.Qd6+ Rb6 108.Qa3+ Kb5 109.Qb2+ Kc6 110.Qc3+ Kd6 111.Qa3+ Kd7
112.Qa4+ Kc7 113.Qa7+ Rb7 114.Qa5+ Kd7 115.Qa4+ Kd8 116.Qh4+ Kc7 117.Qg3+ Kd7
118.Qg7+ Kd6 119.Qf8+ Kc6 120.Qe8+ Kc5 121.Qf8+ Kb5 122.Qf6 Rb6 123.Qb2+ Ka6
124.Qa1+ Kb7 125.Qg7+ Kc6 126.Qc3+ Kd6 127.Qa3+ Kd7 128.Qa4+ Rc6 129.Qa7+ Kd8
130.Qb8+ Rc8 131.Qb6+ Ke7 132.Qb4+ Ke8 133.Qb5+ Ke7 134.Qb4+ Kf7 135.Qf4+ Ke8
136.Qa4+ Rc6 137.Qa8+ Kf7 138.Qa7+ Kg6 139.Qe3 Rc4 140.Qg3+ Kf7 141.Qg5 Re4
142.Qh5+ Ke7 143.Qg5+ Kd7 144.Qg7+ Kc6 145.Qc3+ Rc4 146.Qa1 Kb5 147.Qb2+ Kc6
148.Qa1 e5 149.Qa8+ Kc5 150.Qa5+  1/2-1/2

[Event "Moscow-ch"]
[Site "Moscow"]
[Date "1981.??.??"]
[Round "11"]
[White "Vaganian, Rafael A"]
[Black "Arbakov, Valentin"]
[Result "0-1"]
[WhiteElo "2565"]
[BlackElo "2445"]

1.d4 c5 2.d5 e5 3.Nc3 d6 4.e4 a6 5.f4 exf4 6.Bxf4 Ne7 7.Bg3 Ng6 8.Nf3 Bg4
9.Be2 Bxf3 10.gxf3 Be7 11.f4 Bf6 12.Qd2 Nd7 13.Bh5 O-O 14.O-O Qb6 15.Rab1 Rfe8
16.Kh1 Qa5 17.Qd3 Rad8 18.a3 b5 19.Qf3 b4 20.axb4 Qxb4 21.Rfe1 Rb8 22.Nd1 Nh4
23.Qe2 Nf5 24.c3 Nxg3+ 25.hxg3 Qb5 26.Bf3 g6 27.Ne3 Nb6 28.Qc2 Bg7 29.b3 a5
30.Kg2 Re7 31.Nc4 Nxc4 32.bxc4 Qe8 33.e5 Rxb1 34.Rxb1 dxe5 35.d6 Re6 36.Bd5 Rxd6
37.Rb7 Kh8 38.Bxf7 Qc6+ 39.Bd5 Rxd5 40.Rb8+ Rd8+  0-1

[Event "Moscow-ch"]
[Site "Moscow"]
[Date "1981.??.??"]
[Round "14"]
[White "Makarichev, Sergey"]
[Black "Vaganian, Rafael A"]
[Result "1/2-1/2"]
[WhiteElo "2535"]
[BlackElo "2565"]

1.Nf3 Nf6 2.b3 d6 3.d4 Bg4 4.e3 Nbd7 5.h3 Bh5 6.Bb2 e5 7.g4 Bg6 8.Bg2 exd4
9.Nxd4 c6 10.Nd2 Nc5 11.g5 Nfe4 12.h4 h6 13.Nxe4 Nxe4 14.Qg4 Qa5+ 15.Kf1 h5
16.Qf4 Qe5 17.Bh3 f6 18.Qxe5+ fxe5 19.Ne6 Kf7 20.Kg2 Re8 21.Nxf8 Rhxf8 22.f3 Nc5
23.e4 Ke7 24.Kg3 Rf7 25.Rhe1 Ref8 26.Re3 Rf4 27.Rae1 Bf7 28.Ba3 b6 29.Rd1 Be6
30.Bxe6 Kxe6 31.Bxc5 bxc5 32.c4 a5 33.a4 Rd8 34.Red3 Rf7 35.R1d2 g6 36.Rd1 Rfd7
37.Rc3 Rb8 38.Rcd3  1/2-1/2

[Event "Moscow-ch"]
[Site "Moscow"]
[Date "1981.??.??"]
[Round "17"]
[White "Vaganian, Rafael A"]
[Black "Vasiukov, Evgeni"]
[Result "1/2-1/2"]
[WhiteElo "2565"]
[BlackElo "2545"]

1.Nf3 Nf6 2.c4 c5 3.g3 Nc6 4.Bg2 g6 5.d4 Bg7 6.O-O cxd4 7.Nxd4 O-O 8.Nc3 Nxd4
9.Qxd4 d6 10.Bg5 Be6 11.Qh4 Qa5 12.Rac1 Rac8 13.b3  1/2-1/2

[Event "Reggio Emilia8182"]
[Site "Reggio Emilia"]
[Date "1981.??.??"]
[Round "4"]
[White "Rossi, Carlo"]
[Black "Vaganian, Rafael A"]
[Result "0-1"]
[WhiteElo "2200"]
[BlackElo "2565"]

1.e4 Nf6 2.e5 Nd5 3.d4 d6 4.Nf3 g6 5.Bc4 c6 6.O-O Bg7 7.Re1 dxe5 8.Nxe5 Nd7
9.Qf3 Nxe5 10.dxe5 O-O 11.Nc3 Nb4 12.Bb3 Be6 13.Qe2 Qd7 14.Bg5 h6 15.Rad1 Qc7
16.Bf4 Kh7 17.a3 Na6 18.g4 Bc8 19.Rd3 Nc5 20.Rh3 Qd7 21.e6 Nxe6 22.Bxe6 Qxe6
23.Bxh6 Bxh6 24.Rxh6+ Kg7 25.g5 Qxe2 26.Rxe2 Be6 27.Re4 Rh8 28.Rxh8 Rxh8
29.Rd4 Bf5 30.Rd2 e5 31.f3 Rh5 32.Rg2 Rh4 33.Re2 Rh5 34.Rg2 Bh3 35.Rg3 Rh8
36.Nd1 Kf8 37.Ne3 Ke7 38.Ng4 Ke6 39.Ne3 b6 40.Kh1 Rh4 41.Kg1 c5 42.Kf2 b5
43.Ke2 Bf5 44.Rg2 b4 45.axb4 cxb4 46.b3 Rh8 47.Kf2 e4 48.fxe4 Bxe4 49.Rg4 Bf5
50.Rg2 Ke5 51.Ke2 Be6 52.Nd1 a5 53.Nf2 Bd5 54.Rg3 Rxh2 55.Ke3 Be6 56.Nd3+ Kf5
57.Ne1 Bd5 58.Kd4 Be4 59.c4 bxc3 60.Rxc3 Re2 61.Rc5+ Kf4 62.Nd3+ Bxd3 63.Kxd3 Re5
64.Rxe5 Kxe5 65.Kc4 f6 66.gxf6 Kxf6 67.Kb5 g5 68.Kxa5 g4 69.b4 g3 70.b5 g2
71.b6 g1=Q  0-1

[Event "Moscow"]
[Site "Moscow"]
[Date "1982.??.??"]
[Round "?"]
[White "Vaganian, Rafael A"]
[Black "Zaitsev, Igor A"]
[Result "1/2-1/2"]
[WhiteElo "2550"]
[BlackElo "2445"]

1.d4 Nf6 2.c4 d6 3.Nc3 g6 4.g3 Bg7 5.Bg2 O-O 6.Nf3 Nc6 7.O-O e5 8.d5 Ne7
9.c5 b5 10.Nxb5 Nexd5 11.e4 Ba6 12.Qa4 Bxb5 13.Qxb5 Rb8 14.Qe2 Nb4 15.Rd1 Qc8
16.a3 Qa6 17.Qxa6 Nxa6 18.cxd6 cxd6 19.b4 Nxe4 20.Be3 Nc3 21.Rxd6 e4 22.Rxa6 Ne2+
23.Kf1 exf3 24.Bxf3 Bxa1 25.Bxe2 Rfd8 26.b5 Bd4 27.Bxd4 Rxd4 28.Rxa7 Kg7
29.a4 Rb4 30.g4 Kf6 31.h4 h5 32.g5+ Ke6 33.Ra6+ Ke7 34.a5 R4xb5 35.Bxb5 Rxb5
36.Kg2 Rb4 37.Kg3 Rg4+ 38.Kh3 Ra4 39.f3 Ra3 40.Kg3 Ra4 41.Ra8 Ke6 42.Ra6+ Ke7
43.f4 Ra3+ 44.Kf2 Kd7 45.Ke2 Ke7 46.Kd2 Rh3 47.f5 gxf5 48.Ra8 Rxh4 49.a6 Ra4
50.g6 fxg6 51.a7 h4 52.Rh8 g5 53.a8=Q Rxa8 54.Rxa8 Kf6 55.Ke3 h3 56.Rh8 g4
57.Kf4 Kg7 58.Rh5 Kg6 59.Rh4 Kf6 60.Rh6+ Kg7 61.Ra6 Kf7 62.Rb6 Kg7 63.Kg3 Kf7
64.Kh4 Kg7 65.Re6 Kf7 66.Re1 Kg6 67.Re6+ Kf7 68.Rb6 Kg7 69.Kg3 Kf7 70.Rb8 Kg7
71.Ra8 Kf7  1/2-1/2

[Event "Moscow"]
[Site "Moscow"]
[Date "1982.??.??"]
[Round "?"]
[White "Vaganian, Rafael A"]
[Black "Szekely, Peter"]
[Result "1/2-1/2"]
[WhiteElo "2550"]
[BlackElo "2430"]

1.Nf3 Nf6 2.c4 g6 3.g3 c5 4.Bg2 Bg7 5.d4 Qa5+ 6.Nbd2 cxd4 7.Nxd4 Nc6 8.Nb3 Qc7
9.c5 d6 10.O-O O-O 11.cxd6 Qxd6 12.Nc4 Qb4 13.Ne3 Rd8 14.Bd2 Qa4 15.Na5 Qb5
16.Nxc6 bxc6 17.Qc1 Nd5 18.Rb1 Be6 19.Re1 Nb4 20.a3 Na2 21.Qxc6 Rab8 22.Qxb5  1/2-1/2

[Event "Moscow"]
[Site "Moscow"]
[Date "1982.??.??"]
[Round "?"]
[White "Vaganian, Rafael A"]
[Black "Geller, Efim P"]
[Result "1/2-1/2"]
[WhiteElo "2550"]
[BlackElo "2575"]

1.d4 d5 2.c4 e6 3.Nc3 Be7 4.Nf3 Nf6 5.Bg5 h6 6.Bxf6 Bxf6 7.e3 O-O 8.Rc1 c6
9.Bd3 Nd7 10.O-O dxc4 11.Bxc4 e5 12.Ne4 exd4 13.Nxf6+ Nxf6 14.Nxd4 Qe7 15.Qb3 c5
16.Ne2 Rb8 17.a4  1/2-1/2